书目信息 |
| 题名: |
计算机辅助艺术设计
|
|
| 作者: | 陈劲松 , 卿向东 编著 | |
| 分册: | ||
| 出版信息: | 重庆 重庆大学出版社 2002 |
|
| 页数: | 110页 | |
| 开本: | 29cm | |
| 丛书名: | 高等院校艺术设计专业丛书 | |
| 单 册: | ||
| 中图分类: | J2-39 | |
| 科图分类: | ||
| 主题词: | 美术--计算机辅助设计--高等学校 | |
| 电子资源: | ||
| ISBN: | 7-5624-2627-9 | |
| 000 | 00896oam2 2200253 45 | |
| 001 | 002182143 | |
| 005 | 20050329140520.7 | |
| 010 | @a7-5624-2627-9@dCNY42.00 | |
| 100 | @a20021031d2002 em y0chiy0110 ea | |
| 101 | 0 | @achi |
| 102 | @aCN@b500000 | |
| 105 | @aa z 000yy | |
| 200 | 1 | @a计算机辅助艺术设计@Aji suan ji fu zhu yi shu she ji@f陈劲松,卿向东编著@FChen Jin Song,Qing Xiang Dong Bian Zhu |
| 210 | @a重庆@c重庆大学出版社@d2002 | |
| 215 | @a110页@c图@d29cm | |
| 225 | 2 | @a高等院校艺术设计专业丛书 |
| 330 | @a本书包括五个部分:概论、计算机辅助艺术设计系统概述、计算机辅助艺术设计的基本知识、计算机辅助平面设计制作、计算机辅助环境艺术设计制作。 | |
| 410 | @12001 @a高等院校艺术设计专业丛书 | |
| 606 | 0 | @a美术@x计算机辅助设计@x高等学校 |
| 690 | @aJ2-39@v4 | |
| 701 | 0 | @a陈劲松@4编著 |
| 701 | 0 | @a卿向东@4编著 |
| 801 | 0 | @aCN@bNLC@c20030526 |
| 905 | @b346654-656@dJ2-39@e15@f3 | |
| 计算机辅助艺术设计/陈劲松,卿向东编著.-重庆:重庆大学出版社,2002 |
| 110页:图;29cm.-(高等院校艺术设计专业丛书) |
| ISBN 7-5624-2627-9:CNY42.00 |
| 本书包括五个部分:概论、计算机辅助艺术设计系统概述、计算机辅助艺术设计的基本知识、计算机辅助平面设计制作、计算机辅助环境艺术设计制作。 |
| ● |
| 相关链接 |
|
|
|
|
正题名:计算机辅助艺术设计
索取号:J2-39/15
 
预约/预借
| 序号 | 登录号 | 条形码 | 馆藏地/架位号 | 状态 | 备注 |
| 1 | 0346654 | 203466542 | 第一样本阅览室/ [索取号:J2-39/15] | 在馆 | |
| 2 | 0346655 | 203466551 | 第一借阅区/ [索取号:J2-39/15] | 在馆 | |
| 3 | 0346656 | 203466560 | 第一借阅区/ [索取号:J2-39/15] | 在馆 |